01983nam a2200313uu 4500001000800000005001700008008004100025020001800066035001200084040001300096041000800109082000800117100002900125245002800154250001700182260004500199300001900244505071200263520039200975650004001367650002801407650003701435650002401472650003801496700003401534700003801568700002701606700003601633156863220260508094634.0220310s2004 spa  a9789508570222 a1568632 ccomduadb aspa 4a65810aBhide, Amar V.4auteaut10aIniciativa emprendedora a1. edición aBuenos Aires :bEdiciones Deusto,c2004. a234 páginas. aCONTENIDO : Las preguntas que todo emprendedor ha de responder / Amar Bhide. -- Cómo confeccionar un excelente plan de negocio / William a. Sahlman. -- Cómo elaboran los emprendedores estrategias que funcionan / Amar Bhide. -- ¿Cuánto dinero necesita su nueva empresa de riesgo? / james McNeill Stancill. -- Hitos para la planificación exitosa de empresas de riesgo / Zenas Block e Ian C. Macmillan. -- Estrategias y táctica analizadas por un inversionista de capital riesgo / Arthur Rock. -- Financiación autogenerada: el arte de las empresas de nueva creación / Amar Bhide. -- Comercializar tecnología: lo que hacen las mejores empresas / T. Michael Nevens, Gregory L. Summe y Bruo Uttal.3 aRESUMEN : "Esta obra de amplio alcance empieza por los elementos básicos para elaborar un plan de negocio y trata cuestiones interesantes para todo tipo de promotores de empresa, incluso cuestiones de gran complejidad como la forma de desenvolverse en el mundo de los inversores de capital de riesgo, y la conversión de innovaciones tecnológicas en realidades exitosas de mercado." 7aPlanificación estratégica2lemb aEstrategias gerenciales aEstratégias de planificación aRiesgo (Economía) 7aPlanificación empresarial2lemb10aSahlman, William A.4auteaut10aStancill, James McNeill4auteaut10aBlock, Zenas4auteaut10aAparicio, Maria Elena4trletrl